Countries with the highest suicide rate - Statistics

General Stats
  • This quiz has been taken 91 times
  • The average score is 17 of 30
Answer Stats
Position Answer % Correct
14 Russia
94%
7 Japan
87%
12 Ukraine
80%
16 Poland
75%
21 Finland
73%
3 South Korea
72%
1 Denmark (Greenland)
71%
11 Belarus
70%
10 Latvia
70%
2 Lithuania
70%
26 France
67%
25 Estonia
66%
8 Slovakia
65%
9 Hungary
63%
6 Slovenia
63%
29 Czech Republic
62%
23 Austria
57%
13 Croatia
56%
15 Moldova
56%
18 Belgium
53%
28 Bosnia and Herzegovina
52%
22 South Africa
49%
5 Kazakhstan
44%
24 Taiwan
42%
17 Sri Lanka
28%
30 Cuba
24%
4 Guyana
23%
27 Suriname
18%
19 Uruguay
15%
20 Bhutan
6%
No matching quizzes found
Score Distribution
Percent of People with Each Score
Percentile by Number Answered
Your Score History
You have not taken this quiz